Evaluación del sistema de tratamiento de aguas residuales de una planta de procesos avícolas
Presenta la evaluación del sistema de tratamiento de aguas residuales de una industria avícola, dicho sistema se compone de Tamiz giratorio, criba hidrostática, sistema de remoción de grasas y aceites DAF, pila de homogenización, reactor UASB, laguna aireada seguida por un sedimentador y laguna...
| Main Author: | |
|---|---|
| Other Authors: | |
| Format: | Tesis Section = Libro |
| Language: | Undetermined Spanish |
| Published: |
Managua
UNI
2012
|
| Subjects: |
| LEADER | 01081nam a2200229Ia 4500 | ||
|---|---|---|---|
| 008 | 240830s9999 xx 000 0 und d | ||
| 040 | |a CEDOC DACA-RUSB / Mon 628.3 G166 | ||
| 041 | |a spa | ||
| 082 | |a Mon 628.3 G166 | ||
| 100 | 1 | |a Gallegos Morales, Omar Israel | |
| 245 | 1 | 0 | |a Evaluación del sistema de tratamiento de aguas residuales de una planta de procesos avícolas |
| 260 | |a Managua |b UNI |c 2012 | ||
| 300 | |a 81 p. :il | ||
| 502 | |a Tesis (Ingeniero Químico) -UNI, 2012. | ||
| 520 | 3 | |a Presenta la evaluación del sistema de tratamiento de aguas residuales de una industria avícola, dicho sistema se compone de Tamiz giratorio, criba hidrostática, sistema de remoción de grasas y aceites DAF, pila de homogenización, reactor UASB, laguna aireada seguida por un sedimentador y laguna facultativa. | |
| 650 | 7 | |a TRATAMIENTO Y ELIMINACION DE AGUAS RESIDUALES | |
| 650 | 7 | |b ANÁLISIS - TRATAMIENTO - CONTAMINACION. | |
| 650 | 7 | |c MÉTODOS DE TRATAMIENTO - AGUAS RESIDUALES. | |
| 700 | 1 | |a Tutor: |b Korsak, Larisa | |
| 942 | |c BK |2 ddc | ||
| 991 | |a TESIS | ||
| 999 | |c 26337 | ||